[Event "Pucallpa op 1st"]
[Site "Pucallpa"]
[Date "2020.02.29"]
[Round "3"]
[White "Gallo Ponce, Elbert"]
[Black "Padilla, Jorge"]
[Result "1/2-1/2"]
[WhiteElo "2231"]
[BlackElo "1989"]
[PlyCount "144"]
[EventDate "2020.02.29"]
[EventType "swiss"]
[EventRounds "6"]
[EventCountry "PER"]
[SourceTitle "CBM 195 Extra"]
[Source "ChessBase"]
[SourceDate "2020.05.31"]
[SourceVersion "1"]
[SourceVersionDate "2020.05.31"]
[SourceQuality "1"]

1. Nf3 Nf6 2. g3 g6 3. b3 Bg7 4. Bb2 d6 5. d4 0-0 6. Bg2 Nbd7 7. 0-0 c5 8. c4 cxd4 9. Nxd4 a6 10. Nc3 Rb8 11. Qd2 Qa5 12. Rfd1 Re8 13. Rac1 Qh5 14. Nd5 Nc5 15. Nxf6+ Bxf6 16. e3 e5 17. Bf3 Bg4 18. Bxg4 Qxg4 19. Qe2 h5 20. Qxg4 hxg4 21. Nc2 Ne4 22. Nb4 Re6 23. Nd5 Bd8 24. Kg2 f5 25. f3 gxf3+ 26. Kxf3 Ng5+ 27. Kg2 Rc8 28. Ba3 Ne4 29. h4 Kg7 30. Nc3 Nxc3 31. Rxc3 Be7 32. Rcd3 Rc6 33. R3d2 b5 34. cxb5 axb5 35. Bb4 g5 36. hxg5 Kg6 37. Rd5 Rb6 38. Rc1 Bxg5 39. Kf2 Bf6 40. Ba5 Rb7 41. Rc6 Be7 42. b4 Kf6 43. Bb6 Kf7 44. Rxb5 Rh6 45. Rxe5 Rh2+ 46. Kg1 dxe5 47. Kxh2 Bxb4 48. a4 Rd7 49. Rc7 Rxc7 50. Bxc7 Ke6 51. Kg2 Kd5 52. Kf3 Bc3 53. Bd8 e4+ 54. Kg2 Bd2 55. Bb6 Kc6 56. a5 Kb5 57. Kh3 Be1 58. Bd8 Bf2 59. Bb6 Ka6 60. Kg2 Be1 61. Bc7 Bxa5 62. Bxa5 Kxa5 63. g4 fxg4 64. Kg3 Kb4 65. Kxg4 Kc4 66. Kf5 Kd5 67. Kf4 Kd6 68. Kf5 Kd5 69. Kg6 Ke6 70. Kg5 Ke5 71. Kg4 Ke6 72. Kf4 Kf6 1/2-1/2

[Event "Pucallpa op 1st"]
[Site "Pucallpa"]
[Date "2020.02.29"]
[Round "2"]
[White "Perez Carpio, Edwin Gonzalo"]
[Black "Gallo Ponce, Elbert"]
[Result "0-1"]
[WhiteElo "1496"]
[BlackElo "2231"]
[PlyCount "48"]
[EventDate "2020.02.29"]
[EventType "swiss"]
[EventRounds "6"]
[EventCountry "PER"]
[SourceTitle "CBM 195 Extra"]
[Source "ChessBase"]
[SourceDate "2020.05.31"]
[SourceVersion "1"]
[SourceVersionDate "2020.05.31"]
[SourceQuality "1"]

1. d4 Nf6 2. Nf3 b6 3. e3 Bb7 4. b3 g6 5. Bb2 Bg7 6. Nbd2 0-0 7. Bd3 d6 8. Qe2 c5 9. c4 Nc6 10. Rd1 cxd4 11. exd4 Nh5 12. Qe3 e6 13. 0-0 Ne7 14. Be4 d5 15. Bd3 Nf5 16. Bxf5 exf5 17. Rfe1 Nf6 18. Qe7 Rb8 19. Qxd8 Rfxd8 20. Ne5 Rbc8 21. cxd5 Nxd5 22. Rc1 Rxc1 23. Rxc1 Bh6 24. Nxf7 Kxf7 0-1

[Event "Sao Paulo op-A 3rd"]
[Site "Sao Paulo"]
[Date "2015.09.20"]
[Round "5"]
[White "Umetsubo, Cesar Hidemitsu"]
[Black "Gallo Ponce, Elbert"]
[Result "1/2-1/2"]
[WhiteElo "2308"]
[BlackElo "2242"]
[PlyCount "146"]
[EventDate "2015.09.17"]
[EventType "swiss"]
[EventRounds "6"]
[EventCountry "BRA"]
[SourceTitle "EXT 2016"]
[Source "ChessBase"]
[SourceDate "2015.10.08"]
[SourceVersion "1"]
[SourceVersionDate "2015.10.08"]
[SourceQuality "1"]

1. d4 e6 2. Nf3 Nf6 3. Bf4 b6 4. e3 Bb7 5. Bd3 d6 6. h3 g6 7. c4 Bg7 8. Nc3 0-0 9. 0-0 Nbd7 10. e4 h6 11. Bh2 Nh7 12. Rc1 Ng5 13. Nxg5 hxg5 14. Ne2 Qe7 15. Bb1 Rfd8 16. Qd2 e5 17. d5 a5 18. b3 Nf8 19. g4 Nd7 20. f3 Qf6 21. Kg2 Bf8 22. Bg1 Be7 23. Be3 Kg7 24. h4 Kf8 25. Bxg5 Qh8 26. h5 Bxg5 27. Qxg5 Qf6 28. f4 Ke7 29. h6 Qxg5 30. fxg5 Nf8 31. Ng1 Nh7 32. Nh3 Bc8 33. Kg3 Bd7 34. Bd3 Ra7 35. a3 Rda8 36. Rf2 Rb8 37. Kh4 Raa8 38. Ng1 Rf8 39. Rcf1 Ra7 40. Ne2 Raa8 41. Ng3 Ra7 42. Ne2 Raa8 43. Nc3 Ra7 44. Be2 Be8 45. Bd1 Bd7 46. Rg2 Rfa8 47. Rh2 Rf8 48. Re2 Rfa8 49. Rd2 Rf8 50. Rc2 Rfa8 51. Rb2 Rf8 52. Ra2 Rfa8 53. Rh2 Rf8 54. Rg2 Rfa8 55. Rff2 Rf8 56. Re2 Rd8 57. Rd2 Rb8 58. Rc2 Rba8 59. Rb2 Rf8 60. Ra2 Rfa8 61. Rh2 Rb8 62. Rhf2 Rf8 63. Ne2 Raa8 64. Ng1 Ra7 65. Nh3 Rfa8 66. Kg3 Rf8 67. Rf1 Rfa8 68. Raf2 Rf8 69. Kf3 Rfa8 70. Be2 Rf8 71. Ke3 Raa8 72. Kd2 Ra7 73. Kc3 Raa8 1/2-1/2

[Event "Sao Paulo op-A 3rd"]
[Site "Sao Paulo"]
[Date "2015.09.19"]
[Round "3"]
[White "Campelo, Leandro Fabricio"]
[Black "Gallo Ponce, Elbert"]
[Result "0-1"]
[WhiteElo "2198"]
[BlackElo "2242"]
[PlyCount "64"]
[EventDate "2015.09.17"]
[EventType "swiss"]
[EventRounds "6"]
[EventCountry "BRA"]
[SourceTitle "EXT 2016"]
[Source "ChessBase"]
[SourceDate "2015.10.08"]
[SourceVersion "1"]
[SourceVersionDate "2015.10.08"]
[SourceQuality "1"]

1. e4 c5 2. Nf3 g6 3. d4 cxd4 4. Nxd4 Nc6 5. Nc3 Bg7 6. Be3 Nf6 7. Bc4 0-0 8. Bb3 a5 9. 0-0 a4 10. Nxa4 Nxe4 11. Nb5 d5 12. c3 Ra6 13. Qe2 Nd6 14. Rad1 Nxb5 15. Qxb5 d4 16. cxd4 Nxd4 17. Bxd4 Bxd4 18. Nc3 e5 19. Kh1 Qh4 20. Qe2 g5 21. g3 Qh6 22. Bd5 Rb6 23. Rd2 Bd7 24. Bg2 Kh8 25. Nd5 Bb5 26. Qf3 Bxf1 27. Bxf1 Rc6 28. Bd3 f5 29. Qd1 Rfc8 30. Rc2 Rxc2 31. Bxc2 Qc6 32. Bb3 Qc1 0-1

[Event "Sao Paulo op-A 3rd"]
[Site "Sao Paulo"]
[Date "2015.09.17"]
[Round "1"]
[White "De Moura, Sergio Jovelino"]
[Black "Gallo Ponce, Elbert"]
[Result "1/2-1/2"]
[WhiteElo "2061"]
[BlackElo "2242"]
[PlyCount "183"]
[EventDate "2015.09.17"]
[EventType "swiss"]
[EventRounds "6"]
[EventCountry "BRA"]
[SourceTitle "EXT 2016"]
[Source "ChessBase"]
[SourceDate "2015.10.08"]
[SourceVersion "1"]
[SourceVersionDate "2015.10.08"]
[SourceQuality "1"]

1. e4 c5 2. Nf3 g6 3. d4 cxd4 4. Nxd4 Nc6 5. c4 Nf6 6. Nc3 Nxd4 7. Qxd4 d6 8. Bg5 Bg7 9. f3 0-0 10. Qd2 a5 11. Rc1 a4 12. Rc2 Qa5 13. Nd5 Qxd2+ 14. Kxd2 Nxd5 15. cxd5 f6 16. Be3 f5 17. Bd3 fxe4 18. fxe4 a3 19. b3 e6 20. Bc4 exd5 21. Bxd5+ Kh8 22. Rc7 Rb8 23. Bb6 Be5 24. h3 g5 25. Kd3 h5 26. g4 Rf3+ 27. Ke2 Rxh3 28. Rxc8+ Rxc8 29. Rxh3 Rc2+ 30. Kd1 Rxa2 31. Rxh5+ Kg7 32. Rxg5+ Kh6 33. Rh5+ Kg6 34. b4 Rg2 35. Bc7 a2 36. Bxa2 Rxa2 37. b5 Ra4 38. Rf5 Rd4+ 39. Ke2 Rxe4+ 40. Kf3 Re1 41. b6 Rg1 42. Bd8 Rg3+ 43. Ke2 Rxg4 44. Rf8 Rf4 45. Rg8+ Kf7 46. Rg1 Ke8 47. Bc7 Kd7 48. Rg6 Kc6 49. Rh6 Rf8 50. Kd3 Rh8 51. Rg6 Kd5 52. Rg4 Rh3+ 53. Kc2 Rc3+ 54. Kd2 Rb3 55. Ra4 Rb5 56. Kd3 Rc5 57. Rg4 Rc3+ 58. Kd2 Rc4 59. Rg6 Rh4 60. Kd3 Kc6 61. Rg2 Rh3+ 62. Ke4 Rc3 63. Rg6 Rh3 64. Rg2 Kc5 65. Rg6 Bh2 66. Rg5+ Kc4 67. Rg2 Rh4+ 68. Kf5 Rh6 69. Rc2+ Kd5 70. Rd2+ Kc6 71. Rc2+ Kd7 72. Bb8 Rh5+ 73. Kg4 Rh8 74. Rc7+ Ke6 75. Rxb7 Kd5 76. Bc7 Kc6 77. Ra7 Bg1 78. Ra6 Bc5 79. Ra2 Rf8 80. Rd2 Rf7 81. Rc2 Rf8 82. Rc1 Rf2 83. Rc3 Rb2 84. Kf3 d5 85. Rd3 Bxb6 86. Bxb6 Rxb6 87. Ke3 Rb2 88. Rc3+ Kd6 89. Kd3 Rh2 90. Rc8 Rh3+ 91. Kd4 Rh4+ 92. Kd3 1/2-1/2

[Event "Paulista-chTA"]
[Site "Sao Paulo"]
[Date "2015.03.07"]
[Round "5.1"]
[White "Carneiro, Vitor Roberto Castr"]
[Black "Gallo Ponce, Elbert"]
[Result "1-0"]
[WhiteElo "2247"]
[BlackElo "2198"]
[PlyCount "41"]
[EventDate "2015.02.28"]
[EventType "team-tourn"]
[EventRounds "7"]
[EventCountry "BRA"]
[SourceTitle "EXT 2017"]
[Source "ChessBase"]
[SourceDate "2016.10.25"]
[SourceVersion "1"]
[SourceVersionDate "2016.10.25"]
[SourceQuality "1"]
[WhiteTeam "CXS"]
[BlackTeam "Sao Jose CDR S"]
[WhiteTeamCountry "BRA"]
[BlackTeamCountry "BRA"]

1. Nf3 c5 2. c4 g6 3. Nc3 Bg7 4. g3 e6 5. d4 cxd4 6. Nxd4 Ne7 7. Ndb5 0-0 8. Bf4 e5 9. Bg5 f6 10. Be3 a6 11. Nd6 Nf5 12. Nxf5 gxf5 13. Nd5 Nc6 14. Bb6 Qe8 15. Nc7 Qe7 16. Nxa8 Bh6 17. Qd5+ Kh8 18. Bc5 Qd8 19. Nb6 Nd4 20. Bxd4 exd4 21. Nxc8 1-0

[Event "Curitiba Terzian Memorial op"]
[Site "Curitiba"]
[Date "2014.11.02"]
[Round "5"]
[White "Gallo Ponce, Elbert"]
[Black "Caceres, Elton Carlos"]
[Result "1-0"]
[WhiteElo "2246"]
[BlackElo "1851"]
[PlyCount "53"]
[EventDate "2014.10.31"]
[EventType "swiss"]
[EventRounds "6"]
[EventCountry "BRA"]
[SourceTitle "EXT 2015"]
[Source "ChessBase"]
[SourceDate "2014.11.20"]
[SourceVersion "1"]
[SourceVersionDate "2014.11.20"]
[SourceQuality "1"]

1. Nf3 d5 2. g3 c6 3. Bg2 Nf6 4. d3 g6 5. b3 Bg7 6. Bb2 0-0 7. 0-0 Re8 8. Nbd2 Nfd7 9. Qc1 e5 10. e4 Nb6 11. a4 Bg4 12. h3 Bxf3 13. Nxf3 a5 14. Bc3 d4 15. Bd2 c5 16. Nh2 h5 17. f4 Nc6 18. f5 Nd7 19. g4 hxg4 20. hxg4 gxf5 21. exf5 Nf6 22. Bg5 Qd6 23. Bxf6 Bxf6 24. Qh6 Be7 25. f6 Bf8 26. Qg5+ Kh8 27. Be4 1-0

[Event "Curitiba Terzian Memorial op"]
[Site "Curitiba"]
[Date "2014.11.01"]
[Round "4"]
[White "Gallo Ponce, Elbert"]
[Black "Moraes, Maurino Anastacio"]
[Result "1-0"]
[WhiteElo "2246"]
[BlackElo "1710"]
[PlyCount "123"]
[EventDate "2014.10.31"]
[EventType "swiss"]
[EventRounds "6"]
[EventCountry "BRA"]
[SourceTitle "EXT 2015"]
[Source "ChessBase"]
[SourceDate "2014.11.20"]
[SourceVersion "1"]
[SourceVersionDate "2014.11.20"]
[SourceQuality "1"]

1. Nf3 Nf6 2. g3 d5 3. Bg2 Bf5 4. 0-0 e6 5. d3 h6 6. c4 Be7 7. cxd5 exd5 8. Qb3 Qc8 9. Nc3 c6 10. Re1 0-0 11. e4 dxe4 12. dxe4 Be6 13. Qc2 Nbd7 14. Nd4 Bc5 15. Nxe6 fxe6 16. Na4 Be7 17. h3 Nb6 18. Nc5 Kh8 19. Nd3 Qe8 20. a4 Nbd7 21. a5 a6 22. Be3 e5 23. b4 Nh7 24. Nc5 Nxc5 25. bxc5 Rd8 26. Rab1 Rd7 27. h4 Bd8 28. Qc3 Nf6 29. Bh3 Re7 30. Qb4 Qg6 31. Bf5 Qh5 32. Qa4 g5 33. Qd1 gxh4 34. Qxh5 Nxh5 35. Bxh6 Ng7 36. g4 Bxa5 37. Re2 Bc3 38. Kh2 a5 39. Ra2 Ra8 40. Rb3 Bd4 41. Be3 Nxf5 42. exf5 Rd7 43. Kh3 Kg7 44. Kxh4 Bxe3 45. fxe3 Kf6 46. Kg3 a4 47. Rb4 a3 48. Rb3 Ra5 49. Rbxa3 Rxc5 50. Rh2 Rg7 51. Rh6+ Kf7 52. Rd3 Rd5 53. Rxd5 cxd5 54. Rd6 d4 55. exd4 exd4 56. Kf4 Ke8 57. Rxd4 b5 58. Re4+ Kf8 59. g5 Rb7 60. Rb4 Kf7 61. Ke5 Rb6 62. Kd5 1-0

[Event "Manaus zt 2.4"]
[Site "Manaus"]
[Date "2013.05.02"]
[Round "8"]
[White "Supi, Luis Paulo"]
[Black "Gallo Ponce, Elbert"]
[Result "1/2-1/2"]
[WhiteElo "2321"]
[BlackElo "2233"]
[PlyCount "95"]
[EventDate "2013.04.27"]
[EventType "swiss"]
[EventRounds "9"]
[EventCountry "BRA"]
[SourceTitle "CBM 154 Extra"]
[Source "ChessBase"]
[SourceDate "2013.06.25"]
[SourceVersion "2"]
[SourceVersionDate "2013.06.25"]
[SourceQuality "1"]

1. e4 e6 2. d4 d5 3. Nc3 Bb4 4. e5 b6 5. Qg4 Bf8 6. Bb5+ c6 7. Ba4 a5 8. Bb3 Ba6 9. Nce2 Qd7 10. c3 Bd3 11. Nf4 Bf5 12. Qe2 b5 13. Bd1 h6 14. Nf3 Ne7 15. Bc2 Bxc2 16. Qxc2 g6 17. Bd2 a4 18. h4 Na6 19. Be3 Nc8 20. h5 g5 21. Nd3 Nb6 22. Nd2 Nc4 23. Nb4 c5 24. Nxc4 bxc4 25. Nxa6 cxd4 26. Bxd4 Rxa6 27. 0-0 Be7 28. f4 gxf4 29. Rxf4 Bg5 30. Rf3 Ra5 31. Raf1 Rf8 32. Qf2 Qe7 33. Be3 Bxe3 34. Qxe3 Qa7 35. Qxa7 Rxa7 36. Rf6 Rh8 37. Kh2 Rb7 38. R1f2 Rh7 39. Kh3 Ke7 40. g4 Rb8 41. Kh4 Rg8 42. Rg2 Rb8 43. Kg3 Re8 44. Rd2 Rg8 45. Kf4 Rd8 46. Ke3 Rg8 47. Rg2 Rb8 48. Kd4 1/2-1/2

[Event "Manaus zt 2.4"]
[Site "Manaus"]
[Date "2013.04.30"]
[Round "5"]
[White "Gallo Ponce, Elbert"]
[Black "Martins, Anmartom Mugabe Lou"]
[Result "1-0"]
[WhiteElo "2233"]
[BlackElo "2000"]
[PlyCount "79"]
[EventDate "2013.04.27"]
[EventType "swiss"]
[EventRounds "9"]
[EventCountry "BRA"]
[SourceTitle "CBM 154 Extra"]
[Source "ChessBase"]
[SourceDate "2013.06.25"]
[SourceVersion "2"]
[SourceVersionDate "2013.06.25"]
[SourceQuality "1"]

1. Nf3 Nf6 2. g3 b6 3. Bg2 Bb7 4. 0-0 g6 5. c4 Bg7 6. Nc3 0-0 7. Re1 d6 8. d4 Nbd7 9. e4 e5 10. d5 h6 11. Rb1 a5 12. a3 Nh5 13. Nh4 Nf4 14. Bf1 Bc8 15. Qf3 Nc5 16. b4 axb4 17. axb4 Nb7 18. gxf4 Qxh4 19. f5 Kh7 20. Bh3 Bf6 21. Kh1 Rg8 22. Rg1 gxf5 23. Bxf5+ Kh8 24. Rxg8+ Kxg8 25. Be3 Kf8 26. Bxc8 Rxc8 27. Rg1 Ke7 28. Ne2 Bh8 29. Ng3 Qf6 30. Nf5+ Kd7 31. Bxh6 c5 32. Bg5 Qg6 33. Ne7 Qh7 34. Nxc8 Kxc8 35. Bd2 cxb4 36. Bxb4 Nc5 37. Bxc5 bxc5 38. Rg5 f6 39. Rh5 Qg8 40. Qh3+ 1-0

[Event "Manaus zt 2.4"]
[Site "Manaus"]
[Date "2013.04.28"]
[Round "2"]
[White "Macedo, Levy Salviano Jr"]
[Black "Gallo Ponce, Elbert"]
[Result "0-1"]
[WhiteElo "2041"]
[BlackElo "2233"]
[PlyCount "65"]
[EventDate "2013.04.27"]
[EventType "swiss"]
[EventRounds "9"]
[EventCountry "BRA"]
[SourceTitle "CBM 154 Extra"]
[Source "ChessBase"]
[SourceDate "2013.06.25"]
[SourceVersion "2"]
[SourceVersionDate "2013.06.25"]
[SourceQuality "1"]

1. e4 e6 2. d4 d5 3. Nc3 Bb4 4. e5 b6 5. Qg4 Bf8 6. Nh3 Qd7 7. Bd2 Ne7 8. 0-0-0 Nbc6 9. Be1 Bb7 10. Kb1 Nf5 11. Ng5 0-0-0 12. h4 f6 13. Nf3 h5 14. Qf4 Kb8 15. Bb5 a6 16. Be2 Be7 17. Qc1 Qe8 18. a3 Qg6 19. Rh2 Nh6 20. b4 Ng4 21. Rh3 fxe5 22. b5 axb5 23. Nxb5 exd4 24. Nfxd4 Nxd4 25. Nxd4 e5 26. Nb5 d4 27. a4 Rhf8 28. a5 Nxf2 29. axb6 cxb6 30. Qa3 Nxd1 31. Bxd1 Rf1 32. Be2 Bxa3 33. Nxa3 0-1

[Event "Blumenau Santa Catarina Cup 2nd"]
[Site "Blumenau"]
[Date "2013.02.16"]
[Round "8"]
[White "Gallo Ponce, Elbert"]
[Black "Cordeiro, Marco Aurelio Zaror"]
[Result "0-1"]
[WhiteElo "2259"]
[BlackElo "2215"]
[PlyCount "96"]
[EventDate "2013.02.11"]
[EventType "tourn"]
[EventRounds "9"]
[EventCountry "BRA"]
[EventCategory "3"]
[SourceTitle "CBM 153 Extra"]
[Source "ChessBase"]
[SourceDate "2013.04.22"]
[SourceVersion "1"]
[SourceVersionDate "2013.04.22"]
[SourceQuality "1"]

1. Nf3 d5 2. g3 Nf6 3. Bg2 Bf5 4. 0-0 c6 5. b3 e6 6. Bb2 Be7 7. d3 0-0 8. Nbd2 h6 9. c4 Nbd7 10. Qc2 a5 11. a3 Rc8 12. Rac1 Bh7 13. Qb1 Nc5 14. b4 axb4 15. axb4 Ncd7 16. Ba1 b6 17. cxd5 exd5 18. Rc3 c5 19. bxc5 bxc5 20. Qb7 Rb8 21. Qa6 Ra8 22. Qb5 Ra2 23. Rcc1 Qa8 24. Qb3 Rb8 25. Qd1 Qa6 26. Bh3 Nf8 27. Be5 Rb4 28. Nh4 c4 29. dxc4 dxc4 30. Bf5 Ne6 31. Bxh7+ Kxh7 32. Nf5 Ra5 33. Nxe7 Rxe5 34. Nf3 Re4 35. Nf5 c3 36. e3 Rec4 37. Nd6 Rc7 38. Nf5 Rb8 39. Rc2 Qa5 40. N5d4 Rd8 41. Qb1 g6 42. Rfc1 Ne4 43. Ra2 Qd5 44. Qa1 N6c5 45. Ra5 Qc4 46. Nb5 Nb3 47. Ne5 Qe2 48. Re1 Qxf2+ 0-1

[Event "Blumenau Santa Catarina Cup 2nd"]
[Site "Blumenau"]
[Date "2013.02.15"]
[Round "6"]
[White "Gallo Ponce, Elbert"]
[Black "Gauche, Charles"]
[Result "1-0"]
[WhiteElo "2259"]
[BlackElo "2227"]
[PlyCount "109"]
[EventDate "2013.02.11"]
[EventType "tourn"]
[EventRounds "9"]
[EventCountry "BRA"]
[EventCategory "3"]
[SourceTitle "CBM 153 Extra"]
[Source "ChessBase"]
[SourceDate "2013.04.22"]
[SourceVersion "1"]
[SourceVersionDate "2013.04.22"]
[SourceQuality "1"]

1. Nf3 d5 2. g3 c5 3. Bg2 Nc6 4. d4 Nf6 5. 0-0 e6 6. c4 cxd4 7. Nxd4 Be7 8. Nc3 0-0 9. cxd5 exd5 10. b3 Bc5 11. Nxc6 bxc6 12. Na4 Bd6 13. Be3 Ng4 14. Bc5 Bxc5 15. Nxc5 Qd6 16. Rc1 Qh6 17. h3 Nf6 18. Kh2 g5 19. Rh1 Re8 20. Kg1 Bf5 21. Qd2 Qg6 22. e3 Re7 23. g4 Bc8 24. f4 gxf4 25. exf4 h5 26. f5 Bxf5 27. gxf5 Qg3 28. Qf2 Qg5 29. Rf1 Rae8 30. Qf4 Qg7 31. Kh2 Kh7 32. Rhg1 Re2 33. Kh1 Rxa2 34. Bf3 Qh6 35. Rg5 h4 36. Rfg1 Rg8 37. Nd7 Rxg5 38. Rxg5 Ra1+ 39. Kg2 Ra2+ 40. Kf1 Ra1+ 41. Ke2 Ra2+ 42. Kd1 Nxd7 43. Rh5 Qxh5 44. Bxh5 Nf6 45. Bf3 Ra1+ 46. Kc2 Rg1 47. Qxh4+ Kg7 48. Qf2 Rg5 49. Qxa7 Rxf5 50. Qg1+ Kh8 51. Qe3 Kg7 52. Kb2 c5 53. Qg1+ Kh6 54. Bg4 Re5 55. Qxc5 1-0

[Event "Curitiba CC 75 years"]
[Site "Curitiba"]
[Date "2013.01.18"]
[Round "1"]
[White "Fontanelli, Wilson Sebastiao"]
[Black "Gallo Ponce, Elbert"]
[Result "0-1"]
[WhiteElo "1806"]
[BlackElo "2259"]
[PlyCount "82"]
[EventDate "2013.01.18"]
[EventType "swiss"]
[EventRounds "6"]
[EventCountry "BRA"]
[SourceTitle "EXT 2014"]
[Source "ChessBase"]
[SourceDate "2013.11.20"]
[SourceVersion "1"]
[SourceVersionDate "2013.11.20"]
[SourceQuality "1"]

1. e4 e6 2. d4 d5 3. e5 c5 4. c3 Qb6 5. Nf3 Bd7 6. Be2 cxd4 7. cxd4 Bb5 8. 0-0 Bxe2 9. Qxe2 Ne7 10. Nc3 Nec6 11. Be3 Nd7 12. Qb5 a6 13. Qxb6 Nxb6 14. b3 h6 15. Ne2 Kd7 16. Ne1 Be7 17. Nd3 g6 18. f4 h5 19. a4 Nb4 20. Nxb4 Bxb4 21. a5 Nc8 22. Ra4 Be7 23. Rfa1 Na7 24. Rc1 Nb5 25. Bd2 Rhc8 26. Rxc8 Rxc8 27. Ra2 f6 28. g3 fxe5 29. fxe5 g5 30. Kg2 Ke8 31. Kf2 Kf7 32. Ke3 Kg6 33. Kd3 Rf8 34. Be3 Rf1 35. Nc3 Nxc3 36. Kxc3 Kf5 37. Rf2+ Rxf2 38. Bxf2 Ke4 39. b4 g4 40. Be1 Bg5 41. b5 Be3 0-1

[Event "Sao Jose do Rio Preto 11th"]
[Site "Sao Jose do Rio Preto"]
[Date "2012.12.20"]
[Round "6"]
[White "Freitas, Romeu Salvador"]
[Black "Gallo Ponce, Elbert"]
[Result "0-1"]
[WhiteElo "2279"]
[BlackElo "2248"]
[PlyCount "160"]
[EventDate "2012.12.17"]
[EventType "tourn"]
[EventRounds "9"]
[EventCountry "BRA"]
[EventCategory "3"]
[SourceTitle "EXT 2014"]
[Source "ChessBase"]
[SourceDate "2013.11.20"]
[SourceVersion "1"]
[SourceVersionDate "2013.11.20"]
[SourceQuality "1"]

1. d4 e6 2. Nf3 Nf6 3. Bg5 h6 4. Bh4 b6 5. e3 Bb7 6. Bd3 d6 7. c4 Nbd7 8. Nc3 g5 9. Bg3 Nh5 10. Qc2 Bg7 11. Be4 Qc8 12. d5 e5 13. Bf5 Qd8 14. Qa4 Ke7 15. 0-0-0 Nc5 16. Qc2 a5 17. Rde1 Bc8 18. Nd4 exd4 19. exd4+ Kf8 20. dxc5 bxc5 21. Bxc8 Rxc8 22. Re2 Bf6 23. Nd1 Rb8 24. Qe4 a4 25. Rhe1 a3 26. b3 Bd4 27. Qf3 Ng7 28. Ne3 Qd7 29. Nc2 Bb2+ 30. Kb1 Qf5 31. Qxf5 Nxf5 32. f3 Bc3 33. Rd1 Nxg3 34. hxg3 Be5 35. g4 Ra8 36. Ne3 h5 37. Rh1 h4 38. Nf5 Ke8 39. g3 Kd7 40. gxh4 gxh4 41. Rxh4 Rxh4 42. Nxh4 Rh8 43. Nf5 Rh1+ 44. Kc2 Rf1 45. Ne3 Rxf3 46. Kd3 Rg3 47. Rg2 Rh3 48. Ke4 Rh1 49. Nc2 Bb2 50. Kf3 Rf1+ 51. Ke4 Ke7 52. Ke3 Kf8 53. Ke2 Rh1 54. Kf3 Kg7 55. Kf4 Kg6 56. Rf2 Rg1 57. Re2 Rb1 58. Kf3 Kf6 59. Re1 Rxe1 60. Nxe1 Ke5 61. Ke3 Bc1+ 62. Ke2 Ke4 63. Nf3 Kf4 64. g5 Kg4 65. Ne1 Kxg5 66. Kf3 Kf5 67. Nc2 Bb2 68. b4 cxb4 69. Nxb4 Bd4 70. Nd3 Bb6 71. Nc1 Ke5 72. Nb3 Bc5 73. Ke2 Ke4 74. Kd2 Kf3 75. Kd3 f5 76. Nd2+ Kf2 77. Nb3 Be3 78. c5 Bxc5 79. Nd2 Be3 80. Nb1 Bc5 0-1

[Event "Regina Helena Marques 9th"]
[Site "Santos"]
[Date "2012.12.16"]
[Round "9"]
[White "Gallo Ponce, Elbert"]
[Black "Campelo, Leandro Fabricio"]
[Result "1/2-1/2"]
[WhiteElo "2248"]
[BlackElo "2247"]
[PlyCount "36"]
[EventDate "2012.12.10"]
[EventType "tourn"]
[EventRounds "9"]
[EventCountry "BRA"]
[EventCategory "7"]
[SourceTitle "CBM 152 Extra"]
[Source "ChessBase"]
[SourceDate "2013.02.25"]
[SourceVersion "1"]
[SourceVersionDate "2013.02.25"]
[SourceQuality "1"]

1. b3 e5 2. Bb2 Nc6 3. c4 Nf6 4. e3 d5 5. cxd5 Nxd5 6. a3 Bd6 7. Qc2 0-0 8. Nf3 Qe7 9. d3 Bd7 10. Be2 Rae8 11. b4 a6 12. Nbd2 Kh8 13. Ne4 f5 14. Nxd6 cxd6 15. 0-0 Rf6 16. Rfc1 Ref8 17. Qc4 Be6 18. Qc2 Bd7 1/2-1/2

[Event "Regina Helena Marques 9th"]
[Site "Santos"]
[Date "2012.12.14"]
[Round "6"]
[White "Gallo Ponce, Elbert"]
[Black "Flores, Diego"]
[Result "0-1"]
[WhiteElo "2248"]
[BlackElo "2599"]
[PlyCount "40"]
[EventDate "2012.12.10"]
[EventType "tourn"]
[EventRounds "9"]
[EventCountry "BRA"]
[EventCategory "7"]
[SourceTitle "CBM 152 Extra"]
[Source "ChessBase"]
[SourceDate "2013.02.25"]
[SourceVersion "1"]
[SourceVersionDate "2013.02.25"]
[SourceQuality "1"]

1. Nf3 c5 2. g3 Nc6 3. c4 g6 4. Nc3 Bg7 5. Bg2 d6 6. d3 e6 7. 0-0 Nge7 8. Bd2 b6 9. a3 Bb7 10. Rb1 0-0 11. b4 Qd7 12. bxc5 dxc5 13. Nb5 Rad8 14. Qc1 Nf5 15. Bg5 Rc8 16. Rd1 h6 17. Bd2 Kh7 18. Bc3 e5 19. Ba1 Nfd4 20. e3 Ne2+ 0-1

[Event "Regina Helena Marques 9th"]
[Site "Santos"]
[Date "2012.12.14"]
[Round "7"]
[White "Molina, Roberto Junio Brito"]
[Black "Gallo Ponce, Elbert"]
[Result "0-1"]
[WhiteElo "2418"]
[BlackElo "2248"]
[PlyCount "98"]
[EventDate "2012.12.10"]
[EventType "tourn"]
[EventRounds "9"]
[EventCountry "BRA"]
[EventCategory "7"]
[SourceTitle "CBM 152 Extra"]
[Source "ChessBase"]
[SourceDate "2013.02.25"]
[SourceVersion "1"]
[SourceVersionDate "2013.02.25"]
[SourceQuality "1"]

1. e4 e6 2. d4 d5 3. Nc3 Bb4 4. e5 b6 5. a3 Bxc3+ 6. bxc3 Qd7 7. a4 Ba6 8. Bxa6 Nxa6 9. Qd3 Nb8 10. a5 Nc6 11. axb6 cxb6 12. Ne2 Na5 13. 0-0 Ne7 14. h4 h5 15. Ng3 g6 16. Bg5 Rc8 17. Bf6 Rg8 18. Rfb1 Nc4 19. Ne2 Qc7 20. f3 Kd7 21. Kf2 a5 22. g4 Kc6 23. Ng3 Ra8 24. Ne4 Nc8 25. Ng3 Ne7 26. gxh5 gxh5 27. Nxh5 Nf5 28. Nf4 Qc8 29. h5 Kb7 30. Rh1 Nb2 31. Qd2 Nc4 32. Qc1 Qf8 33. h6 Nxh6 34. Nxd5 Nf5 35. Nf4 Nfe3 36. Rh7 Ka6 37. Qb1 Rc8 38. Qa2 Qe8 39. Rah1 Qd7 40. R7h4 Qc6 41. R4h2 Ng4+ 42. fxg4 Qe4 43. Ng2 Rxg4 44. Re1 Qf5+ 45. Kg1 Nd2 46. Kh1 Rcg8 47. Rg1 Rxg2 48. Rhxg2 Qh3+ 49. Rh2 Rxg1+ 0-1

[Event "Regina Helena Marques 9th"]
[Site "Santos"]
[Date "2012.12.10"]
[Round "1"]
[White "Fier, Alexandr"]
[Black "Gallo Ponce, Elbert"]
[Result "1-0"]
[WhiteElo "2567"]
[BlackElo "2248"]
[PlyCount "77"]
[EventDate "2012.12.10"]
[EventType "tourn"]
[EventRounds "9"]
[EventCountry "BRA"]
[EventCategory "7"]
[SourceTitle "CBM 152 Extra"]
[Source "ChessBase"]
[SourceDate "2013.02.25"]
[SourceVersion "1"]
[SourceVersionDate "2013.02.25"]
[SourceQuality "1"]

1. d4 Nf6 2. Bg5 e6 3. Nd2 h6 4. Bh4 d6 5. e4 Nbd7 6. Ngf3 g5 7. Bg3 Nh5 8. Bd3 b6 9. a4 a6 10. 0-0 Bb7 11. c3 Bg7 12. Re1 Qe7 13. Nf1 Nxg3 14. Nxg3 h5 15. Nd2 g4 16. Nf5 Qf8 17. Nxg7+ Qxg7 18. Qe2 e5 19. Rac1 Nf8 20. dxe5 dxe5 21. Bc4 Ng6 22. g3 Ne7 23. Nf1 Qg6 24. Rcd1 h4 25. Qd3 Kf8 26. Qd7 Qc6 27. Ne3 hxg3 28. fxg3 b5 29. Bxf7 Qxd7 30. Rxd7 Kxf7 31. Nf5 Rae8 32. Rxc7 Ba8 33. axb5 Kf6 34. Nd6 Rb8 35. Ra1 axb5 36. Ra6 Nc6 37. Nf5 Kg5 38. Rg7+ Kh5 39. h3 1-0